000 00466nam a2200145Ia 4500
008 231129s2005||||xx |||||||||||||| ||spa||
020 _a968-7277-43-2
040 _bspa
082 _aM863 C961s
100 _aCuauhtémoc Sánchez Carlos
245 0 _aSangre de campeon: novela formativa con 24 directrices para convertirse en campeón
260 _c2005
264 _aMéxico: Ediciones Selectas Diamante
942 _2ddc
_cBKS
999 _c24312
_d24312